LEADER 01368nas a2200265 i 4500 001 000000240719 003 CaOOAMICUS 005 20150810000000.0 008 150408b2014 xxcuu u0 0mul r 013 $a219624 040 $aSeMil$bita 245 10$aQuand les catégories deviennent un obstacle épistémologique pour l'étude des religions /$cnuméro thématique dirigé par André Couture. 246 04$iTitolo in copertina:$aÉtude des religions 260 $aQuébec (Canada) :$bUniversité Laval,$c2014 (copyr. 2015) 300 $aP. [217]-401 ;$c25 cm. 500 $aArticoli con sintesi in francese [Résumé] e in inglese [Abstract] in testa. - Titolo principale [Dossier] del fascicolo. 700 1 $aCouture, André.$0(OLS)http://semarc/name/66772 773 0 $tLaval Théologique et Philosophique.$dQuébec (Canada) : Université Laval $x0023-9054$w()2408 774 0 $t[vedi periodico].$w()286219 850 $aSeMil 852 $aSeMil$W1$xVenegono$y1$m7 5 73$j191065$B191065$CSeMilBibl$Z2$F205493 $85 961 $aCambio: Scuola Cattolica 996 $6245$aQuand les catégories deviennent un obstacle épistémologique pour l'étude des religions$9(OLS)http://semarc/title/342275 996 $6246$aÉtude des religions$9(OLS)http://semarc/title/342276 996 $6260$aQuébec (Canada) :$bUniversité Laval$9(OLS)http://semarc/publisher/30714 LEADER 01161nam a2200217 i 4500 001 000000081191 003 CaOOAMICUS 005 20180126000000.0 008 180126s1767 xx u000 u fre u 013 $a53431 026 $aa-c- e-se iri- obto (3) 1767 (R) 040 $aSeMil$bita 245 10$aTome 1. 300 $a[14], 599 [i.e. 595], [33] p. 500 $aErrori di paginazione, a partire da p. 462 numerata 466. - Segn.: ã4(-ã4) b4 A-4I4 4K2. 773 0 $aBougeant, Guillaume Hyacinthe $tHistoire des guerres et des négociations qui précéderent le traité de Westphalie, sous le régne de Louis 13. & le ministre des cardinaux Richelieu & Mazarin. Composée sur les mémoires du comte d'Avaux, ... Par le pere Bougeant, ...Tome 1. [-3.].$dA Paris : Chez Musier fils, libraire, quai des Augustins, au coin de la rue Pavée, à Saint Etienne & Durand Neveu, libraire, rue S. Jacques, à la Sagesse, 1767.$g1$w()31100 850 $aSeMil 852 $aSeMil$W1$xVenegono$y1$m3S IV 1 FA$j46486$B46486$CSeMilBibl$Z2$F48790 $8I 941 1 $a10 961 $aRecupero: Mantegazza 996 $6245$aTome 1$9(OLS)http://semarc/title/1447